| 000 | 00400nam a22001577a 4500 | ||
|---|---|---|---|
| 999 |
_c7862 _d7862 |
||
| 003 | OSt | ||
| 005 | 20200527114545.0 | ||
| 008 | 200527b ||||| |||| 00| 0 eng d | ||
| 020 | _a9781133948681 | ||
| 082 |
_a306 _bNAN |
||
| 100 | _a Nanda, Serena; Warms, Richard L | ||
| 245 | _aCultural anthropology | ||
| 250 | _aInternational Edition | ||
| 260 |
_aAmerica _b Thomson Learning _c2014 |
||
| 942 | _2ddc | ||